000 00293nam a22001337a 4500
008 171025b xxu||||| |||| 00| 0 eng d
020 _a9780077479992
041 _aeng
080 _a336
100 _a55
101 _aTAK
245 _aFUNDAMENTALS OF TAXATION
_cDAN.SCH
942 _2udc
_cBK
999 _c35904
_d35904